00282pab a2200121 454500008004000000100001900040245003100059260000900090300001200099362001200111650001100123773002600134180718b1999 xxu||||| |||| 00| 0 eng d aDate, Sadanand aReforms in police stations c1999 ap.71-75 aJan-Mar aPolice aIndian Police Journal